000
00346nam a2200145Ia 4500
008
151213s9999 xx 000 0 und d
100
_a
P. C. Sarker
245
_a
Public Demands Recovery Act
_c
P. C. Sarker
260
_a
Eafcalta
_b
Sarker
_c
1986
300
_a
2095 p.
650
_a
Law
650
_a
Law
700
_a
P. C. Sarker
999
_c
1544
_d
1544